01088nam a2200217 a 450000100100000000500170001000800410002704000250006810000460009324500850013926000790022430000270030350000760033059000610040659000270046770000350049495201140052995201050064395201050074899900170085300004680620201002053131.0180328s2015 dr 000 0 spa d aDO-SdBNPbspacBNPHU1 aMartínez Monegro, Marino,d1954-97475913aLa fábrica de ladrillos /cMarino Martínez Monegro ; prólogo Juan B. Vila. a[Santiago de los Caballeros, República Dominicana.] :b[s.n.],c[2015?]. axiii, 132 p. ;c21 cm. aIncluye datos biográficos del autor en la solapa de la contracubierta aLa biblioteca posee 3 ejemplar autografiado por el autor aInventariado, 2018 /LP1 aVila, Juan B.,epról.974760 001054708PDaGRbGRcCTd2018-03-28iLF1l0o p46806-30r2020-06-25w2020-06-25yLFPDZPréstamo en sala 0010718PDaPDbPDcCTd2018-03-28iLF1l0o p46806-10r2020-06-25w2020-06-25yLFPDZNo se presta 0010718PDaPDbPDcCTd2018-03-28iLF1l0o p46806-20r2020-06-25w2020-06-25yLFPDZNo se presta c46295d46295